Easy access to historic landscapes (Record no. 113292)

MARC details
000 -LEADER
fixed length control field 01001cad a22002535a 4500
001 - CONTROL NUMBER
control field E155039
008 - FIXED-LENGTH DATA ELEMENTS--GENERAL INFORMATION
fixed length control field 120221s2005 xxk f 000 0 eng d
035 ## - SYSTEM CONTROL NUMBER
System control number (Sirsi) u155039
041 0# - LANGUAGE CODE
Language code of text/sound track or separate title eng
110 2# - MAIN ENTRY--CORPORATE NAME
Corporate name or jurisdiction name as entry element English Heritage
9 (RLIN) 2714
245 00 - TITLE STATEMENT
Title Easy access to historic landscapes
Medium [electronic resource]
260 ## - PUBLICATION, DISTRIBUTION, ETC.
Place of publication, distribution, etc. Swindon
Name of publisher, distributor, etc. English Heritage
Date of publication, distribution, etc. 2005
520 ## - SUMMARY, ETC.
Summary, etc. Explains how owners and managers of historic landscapes can make them more accessible to visitors and sets out the relevant legislation relating to access.
651 #4 - SUBJECT ADDED ENTRY--GEOGRAPHIC NAME
Geographic name United Kingdom
Chronological subdivision
690 ## - LOCAL SUBJECT ADDED ENTRY--TOPICAL TERM (OCLC, RLIN)
Topical term or geographic name as entry element Land use
9 (RLIN) 6251
690 ## - LOCAL SUBJECT ADDED ENTRY--TOPICAL TERM (OCLC, RLIN)
Topical term or geographic name as entry element Conservation and restoration
710 1# - ADDED ENTRY--CORPORATE NAME
Corporate name or jurisdiction name as entry element Heritage Lottery Fund
9 (RLIN) 3903
710 1# - ADDED ENTRY--CORPORATE NAME
Corporate name or jurisdiction name as entry element Sensory Trust
710 1# - ADDED ENTRY--CORPORATE NAME
Corporate name or jurisdiction name as entry element Historic Houses Association
9 (RLIN) 2072
710 1# - ADDED ENTRY--CORPORATE NAME
Corporate name or jurisdiction name as entry element Historic Scotland
9 (RLIN) 2914
710 1# - ADDED ENTRY--CORPORATE NAME
Corporate name or jurisdiction name as entry element National Trust
9 (RLIN) 1987
856 40 - ELECTRONIC LOCATION AND ACCESS
Uniform Resource Identifier <a href="https://www.historic-scotland.gov.uk/publicationsresultsdetail.htm?id=4f42fad4d">https://www.historic-scotland.gov.uk/publicationsresultsdetail.htm?id=4f42fad4d</a>
Public note View the item free of charge at www.historic-scotland.gov.uk
942 ## - ADDED ENTRY ELEMENTS (KOHA)
Suppress in OPAC 0
Holdings
Withdrawn status Lost status Source of classification or shelving scheme Damaged status Not for loan Home library Current library Shelving location Date acquired Total Checkouts Full call number Barcode Date last seen Copy number Price effective from Koha item type
    Dewey Decimal Classification     Virtual Virtual Online 21/02/2012   ONLINE PUBLICATION 155039-2001 06/08/2019 1 06/08/2019 Book